|
|
|
|
| LEADER |
00000ny a22000003n 4500 |
| 005 |
20110623134143.0 |
| 006 |
m u |
| 007 |
cr cn||||||||| |
| 008 |
200807r20062008sp |||||s|||||||||||spa d |
| 020 |
|
|
|a 9788497728947
|
| 035 |
|
|
|a 2069
|
| 040 |
|
|
|a FlNmELB
|c FlNmELB
|d vlex
|
| 050 |
1 |
4 |
|a JV620
|b D611 2006eb
|
| 080 |
|
|
|a 341.231.14:3174.722
|
| 090 |
|
|
|c 1208
|d 1208
|
| 245 |
0 |
4 |
|a Una discusin̤ sobre la universalidad de los derechos humanos y la inmigracin̤
|h [Recurso electrn̤ico]
|c editor, Ignacio Campoy Cervera, ...[et al.]
|
| 256 |
|
|
|a Servicio en ln̕ea
|
| 260 |
|
|
|a Madrid :
|b Dykinson,
|c 2006
|
| 300 |
|
|
|a [7]-339 p
|
| 506 |
1 |
|
|a Contenido solo disponible en los productos indicados
|d vLex Global
|d vLex Global (Academic Edition, excluding Law Schools)
|d vLex Global (U.S. Academic Edition, Law Schools)
|d vLex Global (U.S. Academic Edition, excluding Law Schools)
|d vLex Global (Academic Edition, Law Schools)
|
| 700 |
1 |
|
|a Campoy Cervera, Ignacio,
|e ed
|
| 740 |
0 |
|
|a vLex Libros (Servicios en ln̕ea)
|
| 856 |
4 |
0 |
|u http://vlex.com/source/2069
|z Acceso restringido
|
| 942 |
|
|
|c BOOK
|